000 00273nam a2200121 a 4500
008 101027s1974|||| d
245 1 0 _aKamení bude volat
100 1 _aMalewská, Hanna
260 _bVyšehrad
_aPraha
_c1974
020 _c24
041 _acze
044 _aCZ
999 _c12321
_d12321